000 00344nam a2200145Ia 4500
008 100122s9999 xx 000 0 und d
082 _b10558
_a823
100 _aPASTERNAK B
245 _aDOCTOR ZHIVAGO
260 _bCOLLINS & HARVILL PRESS
_c1958
300 _a50
630 _aDOCTOR ZHIVAGO
730 _aDOCTOR ZHIVAGO
942 _cBOOK
999 _c444131
_d444128